Kritické faktory úspechu a riziká zavádzania a prevádzkovania informačného systému podniku

Salvato in:
Dettagli Bibliografici
Autore principale: Romanová, Anita, 1973-
Natura: Capitolo di libro
Lingua:slovacco
Tags: Aggiungi Tag
Nessun Tag, puoi essere il primo ad aggiungerne!!

MARC

LEADER 00000naa$a2200000$$$4500
001 0122630
005 20240502072403.1
041 0 |a slo 
044 |a SK 
245 1 0 |a Kritické faktory úspechu a riziká zavádzania a prevádzkovania informačného systému podniku  |c Anita Romanová 
100 1 |a Romanová, Anita, 1973-